| 000 | 005450000a22001690004500 | ||
|---|---|---|---|
| 041 | 0 | _aSPA | |
| 082 | 0 | 4 | _aG 266.0092 H6761c |
| 100 | 1 | _aHitt, Russell T. (1905-) | |
| 245 | 1 | 0 | _aCon alas de aguila : Una biografía del piloto de la selva, Natanael Saint, misionero y genio de la "Operación Auca" / Russell T. Hitt ; Francisco Cook, Traductor |
| 260 | _a[S. L.] : Moody | ||
| 300 | _a205 Pag | ||
| 001 | 7472 | ||
| 942 | _cBK | ||
| 999 |
_c37685 _d37685 |
||
| 336 |
_atexto _btxt _2rdacontent |
||
| 337 |
_2rdamedia _asin mediación _bn |
||
| 338 |
_2rdacarrier _avolumen _bnc |
||